Tilastot visalle Euroopan maamerkkejä kartalla

Klikkaa tästä pelataksesi tätä visaa!

Yleistilastot

  • Tätä visaa on pelattu 1 075 kertaa
  • Keskiarvotulos 15 / 24

Vastaukset kartalla

Vastauksille on annettu kartalla punavihreä väri sen mukaan, kuinka moni on saanut sen oikein.
 

Vastaustilastot

Vastaus% Oikein
Eiffel-torni
93%
Big Ben
90%
Loch Ness
82%
Pieni merenneito
77%
Akropolis
73%
Colosseum
72%
Stonehenge
71%
Pisan kalteva torni
67%
Pyhän Vasilin katedraali
62%
Blue Lagoon
61%
Brandenburgin portti
60%
Hagia Sofia
60%
Sognevuono
60%
Van Gogh -museo
59%
Dubrovnikin muurit
57%
Vesuvius
55%
Camp Nou
49%
Gardajärvi
49%
Talvipalatsi
49%
Carcassonne
47%
Schönbrunnin linna
47%
Matterhorn
41%
Wawelin linna
40%
Kaarlensilta
39%

Tulosjakauma

Persentiili vastausten määrän mukaan

Jokaisen tuloksen saaneiden osuus

Tuloshistoriasi

Et ole pelannut tätä visaa